| 000 | 00670nam a2200217 4500 | ||
|---|---|---|---|
| 003 | OSt | ||
| 005 | 20240620055215.0 | ||
| 006 | a | ||
| 008 | 240620b |||||||| |||| 00| 0 eng d | ||
| 020 | _a9971633779 | ||
| 040 |
_aDWCL-Main lib. _cOC |
||
| 082 | _aCirc. 822.33 L366m 1982 | ||
| 100 | _aLau Guan Ho, Shirley | ||
| 245 | _aThe merchant of Venice / | ||
| 260 |
_aSingapore : _bPan Pacific Distributors, _cc1982. |
||
| 300 |
_b325 p. : b & w ill. ; _c17 cm. |
||
| 504 | _aIncludes bibliography. | ||
| 650 | _a1. Shakespeare, William, 1564-1616. Merchant of Venice–Juvenile literature. | ||
| 650 | _a2. Jews in literature. | ||
| 942 |
_2ddc _n0 _cBK-CIRC _kCirc. |
||
| 999 |
_c980 _d980 |
||